[Event "1.GRS Open"]
[Site "Ober-Ramstadt, Modauhalle"]
[Date "2024.07.26"]
[Round "1.28"]
[White "Pelt, Alexander"]
[Black "Staudacher, Magnus Johann"]
[Result "0-1"]
[WhiteElo "1935"]
[BlackElo "2115"]
[PlyCount "62"]
[EventDate "2024.07.26"]
[WhiteTeam "SG Speyer-Schwegenheim 2012"]
[BlackTeam "SK Bremen-Nord"]

1. d4 Nf6 2. Nf3 e6 3. e3 c5 4. Bd3 Nc6 5. O-O Qc7 6. c3 d5 7. Nbd2 Be7 8. dxc5 Bxc5 9. e4 O-O 10. Re1 dxe4 11. Nxe4 Nxe4 12. Rxe4 f5 13. Rh4 h6 14. Qe2 Be7 15. Bf4 e5 16. Bc4+ Kh7 17. Ng5+ Kh8 18. Qh5 exf4 19. Nf7+ Rxf7 20. Qxf7 Bd7 21. Rxh6+ gxh6 22. Qg6 Qd6 23. Qxd6 Bxd6 24. Rd1 Re8 25. Rxd6 Re1+ 26. Bf1 Be6 27. b3 Kg7 28. f3 Kf7 29. Kf2 Ra1 30. Rd2 Rc1 31. c4 Ke7 0-1

[Event "1.GRS Open"]
[Site "Ober-Ramstadt, Modauhalle"]
[Date "2024.07.26"]
[Round "1.29"]
[White "Kirchner, Markus"]
[Black "Saßmannshausen, Mark"]
[Result "1-0"]
[WhiteElo "2159"]
[BlackElo "1935"]
[PlyCount "111"]
[EventDate "2024.07.26"]
[WhiteTeam "SC Heusenstamm"]
[BlackTeam "SV Oberursel"]

1. e4 e5 2. Nf3 Nc6 3. Bc4 Nf6 4. d4 exd4 5. e5 d5 6. Bb5 Ne4 7. Nxd4 Bd7 8. Bxc6 bxc6 9. O-O Bc5 10. f3 Ng5 11. f4 Ne4 12. Be3 g6 13. Nd2 Bxd4 14. Bxd4 Nxd2 15. Qxd2 O-O 16. Qe3 Qc8 17. Bxa7 Bf5 18. Bc5 Re8 19. Qc3 Ra4 20. b3 Re4 21. Rae1 Qa6 22. Rxe4 Bxe4 23. Bf2 Qxa2 24. Qxc6 Re6 25. Qxc7 Qxc2 26. Qxc2 Bxc2 27. b4 Bd3 28. Rd1 Bc4 29. Rb1 Ra6 30. Bd4 Ra4 31. Kf2 Bd3 32. Ra1 Rxa1 33. Bxa1 Kf8 34. Ke3 Be4 35. g3 Ke7 36. Kd4 Kd7 37. Kc5 Kc7 38. b5 h5 39. Bd4 Kb7 40. Kd6 Bf5 41. Kxd5 Be6+ 42. Kd6 Bc4 43. b6 Be6 44. Ke7 Bd5 45. Kf6 Be6 46. f5 gxf5 47. Kg5 f4 48. gxf4 Bg4 49. Kf6 Be6 50. f5 Bd5 51. e6 Kc6 52. e7 Kd7 53. Bc5 Ke8 54. Ke5 Bb7 55. Kd6 h4 56. Kc7 1-0

[Event "1.GRS Open"]
[Site "Ober-Ramstadt, Modauhalle"]
[Date "2024.07.26"]
[Round "1.30"]
[White "Seehaus, Bernhard"]
[Black "Mueller, Alexander"]
[Result "0-1"]
[WhiteElo "1934"]
[BlackElo "2145"]
[PlyCount "50"]
[EventDate "2024.07.26"]
[WhiteTeam "Schachforum Darmstadt 1994"]
[BlackTeam "Nürnberg"]

1. Nc3 c5 2. d4 cxd4 3. Qxd4 Nc6 4. Qh4 d5 5. e4 d4 6. Nd5 Qd6 7. Nf3 e6 8. Bf4 e5 9. Bd2 Be6 10. Bc4 Nge7 11. Ng5 Nxd5 12. exd5 Bxd5 13. Bxd5 Qxd5 14. Nxh7 Qxg2 15. O-O-O Qd5 16. Kb1 a5 17. Nf6+ gxf6 18. Qxh8 Nb4 19. Bxb4 axb4 20. b3 Qa5 21. Qh7 Qxa2+ 22. Kc1 Rc8 23. Rhf1 Bh6+ 24. f4 Qa1+ 25. Kd2 Qc3+ 0-1

[Event "1.GRS Open"]
[Site "Ober-Ramstadt, Modauhalle"]
[Date "2024.07.26"]
[Round "1.31"]
[White "Eull, Emil"]
[Black "Roth, Benjamin"]
[Result "1-0"]
[WhiteElo "2137"]
[BlackElo "1927"]
[PlyCount "123"]
[EventDate "2024.07.26"]
[WhiteTeam "SF Neuberg"]
[BlackTeam "Sabt Frankfurter TV 1860"]

1. Nf3 Nf6 2. c4 Nc6 3. Nc3 e6 4. d4 d5 5. cxd5 exd5 6. Bg5 Bb4 7. e3 Be6 8. Qb3 O-O 9. a3 Bxc3+ 10. Qxc3 a6 11. Bd3 h6 12. Bh4 Re8 13. O-O Bg4 14. Ne5 Nxe5 15. dxe5 Ne4 16. Bxe4 Qxh4 17. Bxd5 c6 18. Bxf7+ Kxf7 19. Qc4+ Kg6 20. f3 Rxe5 21. fxg4 Kh7 22. Qd3+ Kh8 23. Rf4 Rae8 24. Raf1 Qe7 25. Qg6 Qc5 26. Kh1 R5e6 27. Qb1 Rxe3 28. Rf7 b5 29. Qg6 Rg8 30. b4 Qc4 31. g5 Qe4 32. Qxe4 Rxe4 33. gxh6 gxh6 34. R7f6 Kh7 35. Rxc6 Rg6 36. Rc7+ Rg7 37. Rc6 Rg6 38. Rc7+ Rg7 39. Rxg7+ Kxg7 40. h3 Re3 41. Rf3 Re1+ 42. Kh2 Ra1 43. Kg3 Rd1 44. Kg4 Rd6 45. Kf5 Rf6+ 46. Ke5 Rc6 47. Kd5 Rb6 48. g4 Kg6 49. h4 Kg7 50. Rc3 Rg6 51. Rc7+ Kf8 52. Rc6 Rxg4 53. Rxh6 Rg3 54. Rxa6 Rh3 55. Kc5 Rxh4 56. Kxb5 Ke7 57. Rc6 Kd7 58. Rc5 Rh8 59. a4 Rb8+ 60. Kc4 Rh8 61. a5 Rh4+ 62. Kb5 1-0

[Event "1.GRS Open"]
[Site "Ober-Ramstadt, Modauhalle"]
[Date "2024.07.26"]
[Round "1.33"]
[White "Akhmatovski, Maxim"]
[Black "Kais, Edgar"]
[Result "1-0"]
[WhiteElo "2074"]
[BlackElo "1921"]
[PlyCount "123"]
[EventDate "2024.07.26"]
[WhiteTeam "SV Oberursel"]
[BlackTeam "SC Nastätten e.V."]

1. c4 d6 2. g3 e5 3. Nc3 f5 4. d4 exd4 5. Qxd4 Nc6 6. Qd1 Nf6 7. Bg2 g6 8. b3 Bg7 9. Bb2 O-O 10. e3 Ne5 11. Nge2 c6 12. O-O Qe7 13. Qc2 Be6 14. Rad1 Rad8 15. Rd2 Rd7 16. Rfd1 Rfd8 17. h3 h6 18. Nd4 Kh7 19. f4 Nf7 20. e4 fxe4 21. Nxe4 Nxe4 22. Bxe4 Nh8 23. Nxe6 Qxe6 24. f5 Qe7 25. fxg6+ Kg8 26. Bxg7 Kxg7 27. Bf5 Qe3+ 28. Kg2 Re7 29. Rxd6 Rf8 30. Qb2+ Kg8 31. Rd8 Nxg6 32. Rxf8+ Nxf8 33. Rf1 Qc5 34. Qd2 Rf7 35. g4 Rf6 36. Qd8 Kg7 37. Re1 Ng6 38. Qc7+ Rf7 39. Qg3 Qd4 40. Bxg6 Kxg6 41. Qe3 Qxe3 42. Rxe3 Rd7 43. h4 Kf6 44. a3 b5 45. c5 a5 46. Kf3 Rd5 47. b4 axb4 48. axb4 Rd4 49. Re4 Rd1 50. Rf4+ Kg6 51. Ke4 Re1+ 52. Kd4 Rb1 53. Ke5 Rh1 54. Rf6+ Kg7 55. Rxc6 Rxh4 56. Kf5 h5 57. Rc7+ Kg8 58. gxh5 Rxb4 59. Rb7 Rc4 60. Rxb5 Kh7 61. Ke5 Rh4 62. Rb7+ 1-0

[Event "1.GRS Open"]
[Site "Ober-Ramstadt, Modauhalle"]
[Date "2024.07.26"]
[Round "1.34"]
[White "Niebler, Paul"]
[Black "Allmann, Thorsten"]
[Result "1/2-1/2"]
[WhiteElo "1923"]
[BlackElo "2117"]
[PlyCount "119"]
[EventDate "2024.07.26"]
[WhiteTeam "SK Neuburg"]
[BlackTeam "SC Schachmatt Weiterstadt"]

1. e4 e6 2. d4 d5 3. e5 c5 4. c3 Nc6 5. Nf3 Qb6 6. Be2 cxd4 7. cxd4 Nh6 8. Bxh6 gxh6 9. Qd2 Bd7 10. O-O Bg7 11. Nc3 Ne7 12. Bd3 O-O-O 13. b4 Kb8 14. a4 Rdf8 15. a5 Qd8 16. b5 f6 17. Rfe1 fxe5 18. dxe5 Ng6 19. Bxg6 hxg6 20. a6 b6 21. Rac1 Qe7 22. Qd4 Rc8 23. Qd3 Rc5 24. Qxg6 Rhc8 25. Qd3 Bxb5 26. Qd2 Bxa6 27. Nd4 R8c7 28. f4 Qe8 29. f5 exf5 30. Nxf5 Bxe5 31. Qe3 d4 32. Nxd4 Bxd4 33. Qxd4 Qc6 34. Ra1 Rxc3 35. Rxa6 Rc1 36. Ra1 Rxe1+ 37. Rxe1 Qc5 38. Qxc5 Rxc5 39. Kf2 b5 40. g4 b4 41. h4 Rc6 42. g5 hxg5 43. hxg5 Kc8 44. Rg1 Rg6 45. Ke3 Kd7 46. Kd4 Ke7 47. Ra1 a6 48. Kc5 b3 49. Kc4 b2 50. Rb1 Rxg5 51. Rxb2 Rg4+ 52. Kb3 Kd7 53. Rc2 Kd6 54. Ka3 Rg1 55. Ka2 a5 56. Kb2 Rg3 57. Ka2 Kd5 58. Kb2 Kd6 59. Ka2 Kd5 60. Kb2 1/2-1/2

[Event "1.GRS Open"]
[Site "Ober-Ramstadt, Modauhalle"]
[Date "2024.07.26"]
[Round "1.35"]
[White "Reschke, Thomas"]
[Black "Weiler, Wolfgang"]
[Result "1/2-1/2"]
[WhiteElo "2103"]
[BlackElo "1921"]
[PlyCount "87"]
[EventDate "2024.07.26"]
[WhiteTeam "SC Frankfurt-West"]
[BlackTeam "Schachfreunde Lohmar 1974"]

1. c4 g6 2. g3 Bg7 3. Bg2 d6 4. Nc3 c5 5. a3 Nc6 6. Rb1 a5 7. e4 e5 8. Nge2 Nge7 9. d3 O-O 10. O-O Bd7 11. Be3 Nd4 12. b4 axb4 13. axb4 b6 14. f4 Nxe2+ 15. Nxe2 f5 16. fxe5 Bxe5 17. Bg5 Rb8 18. bxc5 dxc5 19. Nc3 Bd4+ 20. Kh1 Bf6 21. Bxf6 Rxf6 22. e5 Rf8 23. Nd5 Nc6 24. Re1 Nd4 25. Qd2 Kg7 26. Ra1 Be6 27. Ra6 Rf7 28. Rb1 Bxd5 29. cxd5 Re7 30. Qf4 Ne2 31. Qe3 Nc3 32. d6 Qxd6 33. Ra7 Qe6 34. Rxe7+ Qxe7 35. Rb3 Na2 36. d4 cxd4 37. Qxd4 Rd8 38. Bd5 Qc5 39. Qxc5 bxc5 40. Rb7+ Kh6 41. Bf7 Nc3 42. e6 Rd1+ 43. Kg2 Kg7 44. Be8+ 1/2-1/2

[Event "1.GRS Open"]
[Site "Ober-Ramstadt, Modauhalle"]
[Date "2024.07.26"]
[Round "1.36"]
[White "Ziska, Stephan"]
[Black "Henrich, Thomas"]
[Result "0-1"]
[WhiteElo "1910"]
[BlackElo "2102"]
[PlyCount "68"]
[EventDate "2024.07.26"]
[WhiteTeam "SF Bürstadt"]
[BlackTeam "SK Marburg 1931/72"]

1. d4 Nf6 2. c3 b6 3. Bf4 Bb7 4. Nf3 g6 5. e3 Bg7 6. Bd3 O-O 7. Nbd2 d6 8. O-O Nh5 9. Bg3 Nxg3 10. hxg3 Nd7 11. Nh4 e5 12. f4 Qe7 13. dxe5 dxe5 14. f5 e4 15. Bc4 Qg5 16. Qe1 Be5 17. Rf4 Nf6 18. fxg6 hxg6 19. Nf1 Bxf4 20. gxf4 Qc5 21. Nxg6 Qxc4 22. Ne7+ Kh8 23. Qh4+ Nh7 24. Ng3 Rad8 25. Ngf5 Qe6 26. Kf2 Rd2+ 27. Kg1 Qf6 28. Qh5 Bc8 29. Nxc8 Rxc8 30. g4 Rg8 31. Nh6 Rg6 32. g5 Rxh6 33. Qxh6 Qxh6 34. gxh6 Nf6 0-1

[Event "1.GRS Open"]
[Site "Ober-Ramstadt, Modauhalle"]
[Date "2024.07.26"]
[Round "1.37"]
[White "Nies, Peter"]
[Black "Heppert, Lars"]
[Result "1-0"]
[WhiteElo "2079"]
[BlackElo "1845"]
[PlyCount "83"]
[EventDate "2024.07.26"]
[WhiteTeam "SK 1980 Gernsheim"]
[BlackTeam "SK Neuburg"]

1. e4 d6 2. Nc3 Nf6 3. Bc4 e5 4. d3 Be7 5. f4 c6 6. fxe5 dxe5 7. Nf3 b5 8. Bb3 Bc5 9. Bg5 Nbd7 10. Qd2 a5 11. a4 b4 12. Ne2 Qb6 13. Ng3 Qc7 14. Nf5 Rg8 15. O-O-O h6 16. Bh4 Nf8 17. Nxg7+ Rxg7 18. Bxf6 Qb6 19. Kb1 Rg6 20. Bxe5 Be6 21. d4 Be7 22. d5 cxd5 23. exd5 O-O-O 24. Bd4 Bc5 25. dxe6 Nxe6 26. Bxc5 Nxc5 27. Qxd8+ Qxd8 28. Rxd8+ Kxd8 29. Ne5 Rxg2 30. Nxf7+ Kc7 31. Nxh6 Ne4 32. Bd5 Nd2+ 33. Kc1 Rg5 34. Kxd2 Rxd5+ 35. Kc1 Kc6 36. h4 Rh5 37. Ng4 Kd6 38. Kd2 Ke6 39. Ke3 Rc5 40. Rh2 Kf5 41. Kf3 Rc4 42. Ne3+ 1-0

[Event "1.GRS Open"]
[Site "Ober-Ramstadt, Modauhalle"]
[Date "2024.07.26"]
[Round "1.38"]
[White "Cors, Heinz-Friedrich"]
[Black "Wenzel, Calvin"]
[Result "0-1"]
[WhiteElo "1906"]
[BlackElo "2022"]
[PlyCount "66"]
[EventDate "2024.07.26"]
[WhiteTeam "Schachforum Darmstadt 1994"]
[BlackTeam "SK 1980 Gernsheim"]

1. c4 e5 2. Nc3 Nf6 3. g3 c6 4. Nf3 e4 5. Nd4 Qb6 6. Nb3 a5 7. d3 a4 8. Nd2 e3 9. fxe3 Ng4 10. Nf3 Bb4 11. a3 Ba5 12. d4 Nxe3 13. Qd3 Nxf1 14. Kxf1 O-O 15. Kg2 Bxc3 16. bxc3 d5 17. Ng5 g6 18. c5 Qd8 19. Rf1 f6 20. Nf3 Bf5 21. Qd1 g5 22. Nd2 Qc8 23. Rxf5 Qxf5 24. Nf3 Nd7 25. Ra2 Qe4 26. Kg1 b6 27. cxb6 Nxb6 28. Qf1 Nc4 29. Ne1 Qb1 30. Rc2 Rae8 31. Qf2 Re4 32. e3 Kg7 33. Nd3 Nxe3 0-1

[Event "1.GRS Open"]
[Site "Ober-Ramstadt, Modauhalle"]
[Date "2024.07.26"]
[Round "1.39"]
[White "Özdemir, Ali Özden"]
[Black "Bahlo, Jens"]
[Result "1-0"]
[WhiteElo "2064"]
[BlackElo "1905"]
[PlyCount "51"]
[EventDate "2024.07.26"]
[WhiteTeam "SK Langen"]
[BlackTeam "SK 1858 Gießen"]

1. e4 c5 2. Nf3 a6 3. c4 Nc6 4. d4 cxd4 5. Nxd4 Nf6 6. Nc3 e5 7. Nc2 Bc5 8. Be2 O-O 9. O-O h6 10. a3 Ba7 11. Be3 d6 12. Qd3 Qc7 13. b4 Bxe3 14. Qxe3 Ne7 15. f4 exf4 16. Rxf4 Ng6 17. Rxf6 gxf6 18. Nd5 Qd8 19. Rf1 f5 20. exf5 Re8 21. Qxh6 Bxf5 22. Rxf5 Re6 23. Nd4 Qh4 24. Qxh4 Nxh4 25. Rg5+ Rg6 26. Ne7+ 1-0

[Event "1.GRS Open"]
[Site "Ober-Ramstadt, Modauhalle"]
[Date "2024.07.26"]
[Round "1.40"]
[White "Berberich, Christoph"]
[Black "Burkart, Lloyd Shang"]
[Result "0-1"]
[WhiteElo "1903"]
[BlackElo "2071"]
[PlyCount "106"]
[EventDate "2024.07.26"]
[WhiteTeam "SK Freiburg-Zähringen 1887"]
[BlackTeam "SV 1920 Hofheim"]

1. d4 Nf6 2. Nf3 d5 3. e3 c5 4. a3 cxd4 5. exd4 Qc7 6. Bd3 Bg4 7. h3 Bh5 8. O-O e6 9. Re1 Be7 10. Nc3 O-O 11. Bg5 Nc6 12. g4 Bg6 13. Ne5 Bxd3 14. Nxc6 bxc6 15. Qxd3 Rab8 16. Bc1 Bd6 17. b4 Rfe8 18. Bg5 Nd7 19. Bh4 e5 20. Bg3 e4 21. Bxd6 Qxd6 22. Qe3 Nb6 23. Kg2 Nc4 24. Qg3 Qf6 25. Ne2 g6 26. Qf4 Qxf4 27. Nxf4 f5 28. gxf5 gxf5 29. Nh5 Kf7 30. Kg3 Kg6 31. Nf4+ Kf7 32. Nh5 Kg6 33. Nf4+ Kf6 34. Nh5+ Kg5 35. Nf4 Rg8 36. Re2 h5 37. h4+ Kf6+ 38. Kh3 Rg4 39. Nxh5+ Kg6 40. Ng3 Rh8 41. h5+ Kg5 42. f4+ Rxf4 43. Rg1 Rh4+ 44. Kg2 Rg4 45. Kh3 Rh4+ 46. Kg2 f4 47. Nxe4+ dxe4 48. Rxe4 Rg4+ 49. Kf2 Rxg1 50. Kxg1 Nxa3 51. Re5+ Kg4 52. Ra5 Nxc2 53. Rxa7 Rxh5 0-1

[Event "1.GRS Open"]
[Site "Ober-Ramstadt, Modauhalle"]
[Date "2024.07.26"]
[Round "1.41"]
[White "Rosenberger, Frank"]
[Black "Gehlhar, Michael"]
[Result "1-0"]
[WhiteElo "2062"]
[BlackElo "1899"]
[PlyCount "49"]
[EventDate "2024.07.26"]
[WhiteTeam "SK 1980 Gernsheim"]
[BlackTeam "SK 1947 Einhausen"]

1. e4 c6 2. d4 d5 3. exd5 cxd5 4. Bd3 Nc6 5. c3 Nf6 6. Bf4 e6 7. Qe2 Bd6 8. Bxd6 Qxd6 9. Nf3 O-O 10. Ne5 a6 11. Nd2 Ne7 12. O-O b5 13. a3 Ng6 14. f4 Qb6 15. Rae1 Rb8 16. Qe3 a5 17. Ndf3 b4 18. axb4 axb4 19. Ng5 bxc3 20. bxc3 Qc7 21. Bxg6 hxg6 22. Qh3 Rb3 23. Rf3 Qe7 24. Ngxf7 Rxf7 25. Nxg6 1-0

[Event "1.GRS Open"]
[Site "Ober-Ramstadt, Modauhalle"]
[Date "2024.07.26"]
[Round "1.42"]
[White "Pham-Tran, Phuong-Bao"]
[Black "Vladov, Arsenii"]
[Result "0-1"]
[WhiteElo "1893"]
[BlackElo "2059"]
[Annotator "Henrik,Schloessner"]
[PlyCount "84"]
[EventDate "2024.07.26"]
[WhiteTeam "Sabt Frankfurter TV 1860"]
[BlackTeam "Westerburg"]

{[%evp 49,49,515]} 1. c4 d6 2. g3 e5 3. Bg2 f5 4. d4 Be7 5. Nc3 Nf6 6. dxe5 dxe5 7. Qxd8+ Bxd8 8. a3 a5 9. e4 Nc6 10. Nge2 Nd4 11. Nxd4 exd4 12. Nb5 Nxe4 13. Bxe4 fxe4 14. Nxd4 O-O 15. Be3 Bf6 16. O-O-O Bh3 17. Rd2 Rad8 18. Nb3 Rxd2 19. Nxd2 Re8 20. Re1 g5 21. b3 Bf5 22. Nb1 Bg4 23. Kc2 a4 24. b4 Rd8 25. Bd2 Bf5 26. Kc1 Rd4 27. c5 Rc4+ 28. Kd1 Bg4+ 29. Re2 Bxe2+ 30. Kxe2 Rc2 31. Ke3 Rb2 32. Bc3 Rb3 33. Kd2 Rxb1 34. Bxf6 g4 35. Ke3 Rb3+ 36. Kxe4 Rxa3 37. Kd4 Rf3 38. Be5 a3 39. Kc4 a2 40. c6 bxc6 41. Kc5 Rf5 42. Kxc6 Rxe5 0-1

[Event "1.GRS Open"]
[Site "Ober-Ramstadt, Modauhalle"]
[Date "2024.07.26"]
[Round "1.43"]
[White "Windmüller, Simon"]
[Black "Nagel, Matthias"]
[Result "1-0"]
[WhiteElo "1976"]
[BlackElo "1890"]
[PlyCount "89"]
[EventDate "2024.07.26"]
[WhiteTeam "SC Turm Illingen"]
[BlackTeam "SV 1920 Kelsterbach"]

1. Nf3 Nf6 2. g3 e6 3. Bg2 d5 4. d4 Nbd7 5. O-O c5 6. c4 dxc4 7. dxc5 Bxc5 8. Nbd2 Qc7 9. Qc2 O-O 10. Qxc4 Nb6 11. Qd3 Rd8 12. Qb1 Bd7 13. Nb3 Be7 14. Bf4 Bd6 15. Bxd6 Qxd6 16. Rd1 Qc7 17. Qc1 Qxc1 18. Raxc1 Bc6 19. Na5 Rxd1+ 20. Rxd1 Bd5 21. Ne5 Bxg2 22. Kxg2 Na4 23. Nxb7 Nxb2 24. Rb1 Na4 25. Nd6 Nc3 26. Rb2 Nfe4 27. Ndxf7 Nd1 28. Rb7 Ndxf2 29. Nc6 a5 30. Nfe5 Nd1 31. Nd4 Rf8 32. Nef3 Ne3+ 33. Kg1 Rc8 34. Rb1 Kf7 35. Ne5+ Kf6 36. Ndc6 a4 37. Rb4 Nc3 38. Rf4+ Nf5 39. Kf2 g5 40. Rc4 Nxa2 41. Rxa4 Nc3 42. Ra7 Ne4+ 43. Kf1 Ned6 44. Ng4+ Kg6 45. Nce5+ 1-0

[Event "1.GRS Open"]
[Site "Ober-Ramstadt, Modauhalle"]
[Date "2024.07.26"]
[Round "1.45"]
[White "Li, Maxim"]
[Black "Kail, Sindy"]
[Result "1-0"]
[WhiteElo "2044"]
[BlackElo "1876"]
[PlyCount "65"]
[EventDate "2024.07.26"]
[WhiteTeam "Wiesbadener SV 1885"]
[BlackTeam "SK 1925 Großwallstadt"]

1. e4 c5 2. Nc3 a6 3. g3 Nc6 4. Bg2 g6 5. d3 Bg7 6. Be3 d6 7. Nge2 Nf6 8. O-O O-O 9. Qc1 Re8 10. h3 e5 11. Bh6 Bh8 12. Bg5 Be6 13. f4 Nd4 14. f5 Nxe2+ 15. Nxe2 Bd7 16. g4 Rf8 17. Qe1 gxf5 18. gxf5 Bg7 19. Qh4 d5 20. Nc3 Qb6 21. exd5 c4+ 22. Kh1 cxd3 23. cxd3 Bb5 24. Rf3 Kh8 25. Rg3 Ne8 26. f6 Nxf6 27. Be3 Qd6 28. Rxg7 Kxg7 29. Be4 Rg8 30. Bg5 Nxe4 31. Nxe4 Qb6 32. d6 Kf8 33. Be7+ 1-0

[Event "1.GRS Open"]
[Site "Ober-Ramstadt, Modauhalle"]
[Date "2024.07.26"]
[Round "1.46"]
[White "Rabiya, Karim"]
[Black "Geske, Bruna"]
[Result "0-1"]
[WhiteElo "1864"]
[BlackElo "2024"]
[PlyCount "70"]
[EventDate "2024.07.26"]
[WhiteTeam "SK Niederbrechen 1948"]
[BlackTeam "Wiesbadener SV 1885"]

1. e4 c5 2. Nf3 Nc6 3. Bb5 g6 4. O-O Bg7 5. c3 Qb6 6. Na3 d6 7. d4 cxd4 8. cxd4 a6 9. Ba4 Bd7 10. Be3 Qd8 11. Rc1 Nf6 12. e5 dxe5 13. d5 Na7 14. Nxe5 O-O 15. Nxd7 Nxd7 16. Bd4 Nf6 17. Bb3 b5 18. Re1 Qd7 19. Bc5 Rfe8 20. Rc2 Rac8 21. Qc1 Ra8 22. h3 Nc8 23. Rce2 a5 24. Bc2 b4 25. Nb1 Nxd5 26. Be4 e6 27. Qd2 Rd8 28. a3 Rb8 29. axb4 Nxb4 30. Qf4 Ne7 31. Rd2 Nbd5 32. Qf3 Qb5 33. Bd4 Bxd4 34. Rxd4 Qxb2 35. Na3 Qxd4 0-1

[Event "1.GRS Open"]
[Site "Ober-Ramstadt, Modauhalle"]
[Date "2024.07.26"]
[Round "1.47"]
[White "Pabel, Ralph"]
[Black "Hofmann, Marco"]
[Result "1/2-1/2"]
[WhiteElo "1860"]
[BlackElo "1684"]
[PlyCount "135"]
[EventDate "2024.07.26"]
[WhiteTeam "SK 1929 Mainaschaff"]
[BlackTeam "VSG 1880 Offenbach"]

1. d4 d5 2. c4 e6 3. Nc3 c5 4. cxd5 exd5 5. Nf3 Nc6 6. g3 Nf6 7. Bg2 Be7 8. O-O O-O 9. a3 h6 10. dxc5 Bxc5 11. b4 Bb6 12. Bb2 Be6 13. Na4 Bc7 14. Rc1 Bd6 15. Qd3 Rc8 16. Rfd1 Ne4 17. Nc3 Nxc3 18. Bxc3 Be7 19. Ne5 Bf6 20. Qe3 Ne7 21. f4 b6 22. Qf2 Bxe5 23. Bxe5 f6 24. Bb2 Nf5 25. g4 Ne7 26. f5 Bf7 27. Qf4 Qe8 28. Rxc8 Nxc8 29. Bf3 Qb5 30. h4 Qc4 31. Qxc4 dxc4 32. Kf2 Re8 33. Bc6 Rf8 34. Rd4 Ne7 35. Bb5 Rc8 36. Bc3 Kh7 37. Ke1 Rc7 38. Bd2 c3 39. Bf4 Rc8 40. Kd1 Bb3+ 41. Kc1 Nd5 42. Bd7 Nxf4 43. Rxf4 Rd8 44. Rd4 a5 45. bxa5 bxa5 46. e3 Rb8 47. a4 Rd8 48. h5 Rb8 49. Be6 Bxe6 50. fxe6 Re8 51. Rd6 Kg8 52. e4 Kf8 53. Kc2 Rc8 54. Rd7 Re8 55. Rd6 Rc8 56. Ra6 Rc5 57. Rd6 Rc8 58. Rd5 Ke7 59. Rxa5 Kxe6 60. Ra7 Ke5 61. Re7+ Kf4 62. Rxg7 Kxe4 63. a5 Ra8 64. Kxc3 Rxa5 65. Rg6 Kf4 66. Kd3 Rg5 67. Rxh6 Kxg4 68. Rxf6 1/2-1/2

[Event "1.GRS Open"]
[Site "Ober-Ramstadt, Modauhalle"]
[Date "2024.07.26"]
[Round "1.48"]
[White "Schimanko, Oliver"]
[Black "Schmidt, Jörg"]
[Result "0-1"]
[WhiteElo "1684"]
[BlackElo "1858"]
[PlyCount "84"]
[EventDate "2024.07.26"]
[WhiteTeam "SK 1924 Pfungstadt"]
[BlackTeam "SK Niederbrechen 1948"]

1. e4 c6 2. d4 d5 3. Nc3 dxe4 4. Nxe4 Nf6 5. Nxf6+ exf6 6. c3 Bd6 7. Bd3 O-O 8. Qc2 g6 9. Ne2 f5 10. O-O Be6 11. Bf4 Qc7 12. Bxd6 Qxd6 13. Qd2 c5 14. dxc5 Qxc5 15. Nd4 Nc6 16. Nxe6 fxe6 17. Qe2 e5 18. Rad1 Rfd8 19. a3 Kg7 20. Bb1 e4 21. Rxd8 Rxd8 22. Rd1 Qb6 23. Rxd8 Qxd8 24. Kf1 a6 25. Ke1 Qg5 26. Qd2 Qxg2 27. Qd7+ Kh6 28. Ba2 Ne5 29. Qd2+ Kh5 30. Qe2+ Qf3 31. Qxf3+ Nxf3+ 32. Ke2 Nxh2 33. c4 Nf3 34. c5 Kg5 35. Bd5 Nd4+ 36. Ke3 Nc6 37. Bxc6 bxc6 38. f4+ Kf6 39. b4 Ke6 40. Kd4 h5 41. a4 h4 42. b5 cxb5 0-1

[Event "1.GRS Open"]
[Site "Ober-Ramstadt, Modauhalle"]
[Date "2024.07.26"]
[Round "1.49"]
[White "Schellen, Sven"]
[Black "Hasenpflug, Till"]
[Result "1/2-1/2"]
[WhiteElo "1856"]
[BlackElo "1680"]
[PlyCount "89"]
[EventDate "2024.07.26"]
[WhiteTeam "SV Frankfurt Nord 1926"]
[BlackTeam "SK Bad Homburg 1927"]

1. Nf3 Nf6 2. g3 g6 3. Bg2 Bg7 4. O-O O-O 5. d3 d5 6. Nbd2 c6 7. e4 dxe4 8. dxe4 Be6 9. Qe2 Nbd7 10. Ng5 Nc5 11. e5 Nfd7 12. b4 Bxe5 13. bxc5 Bxa1 14. Nxe6 fxe6 15. Qxe6+ Kh8 16. Ne4 Bg7 17. Bg5 Nf6 18. Nc3 Qd7 19. Qc4 Qf5 20. Bxf6 Qxf6 21. Ne4 Qd4 22. Qb3 Qb2 23. Qxb2 Bxb2 24. Rb1 Bf6 25. Nxf6 exf6 26. Rxb7 Rfc8 27. Bf3 a5 28. c4 a4 29. a3 Ra5 30. Rb4 Kg7 31. Kf1 f5 32. Ke2 Kf6 33. Kd3 Ke5 34. Kc3 Rc7 35. Rb8 Ke6 36. Kb4 Raa7 37. Rb6 Kd7 38. Bd1 Ra8 39. Bxa4 h5 40. Bc2 Rca7 41. a4 Kc7 42. Bd1 Rb7 43. a5 Rba7 44. Bf3 Ra6 45. h4 1/2-1/2

[Event "1.GRS Open"]
[Site "Ober-Ramstadt, Modauhalle"]
[Date "2024.07.26"]
[Round "1.50"]
[White "Manasek, Martin"]
[Black "Mehlen, Theodor"]
[Result "0-1"]
[WhiteElo "1677"]
[BlackElo "1847"]
[PlyCount "60"]
[EventDate "2024.07.26"]
[WhiteTeam "SC Flörsheim 1921"]
[BlackTeam "SC Matt im Park Ffm"]

1. d4 d5 2. c4 e6 3. Nc3 Nf6 4. Nf3 Be7 5. Bg5 O-O 6. e3 h6 7. Bh4 b6 8. Be2 Bb7 9. O-O Nbd7 10. Rc1 c5 11. cxd5 exd5 12. Re1 a6 13. a4 Ne4 14. Bxe7 Qxe7 15. Nxe4 dxe4 16. Nd2 cxd4 17. Bc4 d3 18. f3 exf3 19. Nxf3 Bxf3 20. gxf3 Ne5 21. Bd5 Rad8 22. e4 Qg5+ 23. Kf2 d2 24. Rg1 Qh4+ 25. Ke3 dxc1=Q+ 26. Qxc1 g5 27. Ke2 Qxh2+ 28. Ke3 Qf4+ 29. Ke2 Qxf3+ 30. Kd2 Qd3+ 0-1

[Event "1.GRS Open"]
[Site "Ober-Ramstadt, Modauhalle"]
[Date "2024.07.26"]
[Round "1.51"]
[White "Riedel, Thomas"]
[Black "Buntkowsky, Gerd"]
[Result "1-0"]
[WhiteElo "1845"]
[BlackElo "1662"]
[PlyCount "85"]
[EventDate "2024.07.26"]
[WhiteTeam "SC Einrich e.V."]
[BlackTeam "SC Ober-Ramstadt"]

1. e4 d6 2. d4 Nf6 3. Nc3 c6 4. a4 Qa5 5. Bd2 e5 6. Nf3 Bg4 7. dxe5 dxe5 8. Bc4 Nbd7 9. O-O h6 10. Qe2 Bb4 11. Rfd1 O-O 12. h3 Bh5 13. g4 Bg6 14. Nh4 Kh8 15. Nf5 Bxf5 16. gxf5 Qc7 17. Kh1 Bxc3 18. Bxc3 Nc5 19. f3 Nh5 20. Qf2 Nd7 21. Qh4 Ndf6 22. Rg1 Rg8 23. Raf1 g5 24. fxg6 Rxg6 25. Rxg6 fxg6 26. f4 g5 27. fxg5 hxg5 28. Qxg5 Qg7 29. Qxg7+ Kxg7 30. Bxe5 Re8 31. Rf5 Rxe5 32. Rxe5 Ng3+ 33. Kg2 Ngxe4 34. Re7+ Kh6 35. Rxb7 Nd6 36. Rc7 Nxc4 37. Rxc6 Ne3+ 38. Kf3 Nxc2 39. Rxf6+ Kg5 40. Ra6 Nd4+ 41. Kg2 Ne2 42. Rxa7 Nf4+ 43. Kh2 1-0

[Event "1.GRS Open"]
[Site "Ober-Ramstadt, Modauhalle"]
[Date "2024.07.26"]
[Round "1.52"]
[White "Henzelmann, Matthias"]
[Black "Klamser, Dietmar"]
[Result "0-1"]
[WhiteElo "1657"]
[BlackElo "1840"]
[PlyCount "112"]
[EventDate "2024.07.26"]
[WhiteTeam "SC Heuchelheim"]
[BlackTeam "SC Groß-Umstadt"]

1. d4 Nf6 2. c4 e6 3. Nf3 b6 4. e3 Bb7 5. Nbd2 c5 6. a3 Be7 7. dxc5 bxc5 8. Be2 O-O 9. O-O Qc7 10. b3 d6 11. Bb2 Nbd7 12. Qc2 h6 13. Rfd1 Rfd8 14. Rac1 a5 15. Nb1 Ne4 16. Nc3 Nxc3 17. Bxc3 Bf6 18. Nd2 Bxc3 19. Qxc3 Ne5 20. f4 Nd7 21. Bf3 e5 22. Ne4 Bxe4 23. Bxe4 Rab8 24. Rd2 Nf6 25. Bd5 exf4 26. exf4 Qb6 27. Rb1 a4 28. Rd3 Nxd5 29. Rxd5 axb3 30. Rd3 b2 31. Rd2 Qb3 32. Qxb3 Rxb3 33. Rbxb2 Rxa3 34. Rbc2 Kf8 35. Kf2 Ke7 36. Re2+ Kf6 37. Re3 Rxe3 38. Kxe3 Re8+ 39. Kf3 h5 40. h3 Re1 41. g4 hxg4+ 42. hxg4 g6 43. Rd2 Ke6 44. f5+ gxf5 45. gxf5+ Kd7 46. Rc2 Rd1 47. Ke4 Rd4+ 48. Ke3 Ke7 49. Re2 Kf6 50. Rf2 Rxc4 51. Rd2 Rd4 52. Rxd4 cxd4+ 53. Kxd4 Kxf5 54. Kd5 f6 55. Kxd6 Ke4 56. Ke6 f5 0-1

[Event "1.GRS Open"]
[Site "Ober-Ramstadt, Modauhalle"]
[Date "2024.07.26"]
[Round "1.53"]
[White "Linke, Marius"]
[Black "Gärtner, David"]
[Result "1/2-1/2"]
[WhiteElo "1833"]
[BlackElo "1653"]
[PlyCount "52"]
[EventDate "2024.07.26"]
[WhiteTeam "SG Solingen"]
[BlackTeam "Sfr.Mainz 1928"]

1. d4 d5 2. Nf3 Nf6 3. g3 e6 4. Bg2 c5 5. O-O Nc6 6. c4 dxc4 7. Qa4 Nd5 8. dxc5 Bxc5 9. Qxc4 Qb6 10. e4 Nf6 11. Nc3 Be7 12. Be3 Qa5 13. a3 O-O 14. b4 Qh5 15. h3 h6 16. g4 Qg6 17. Bf4 Bd7 18. Rfd1 Rac8 19. Qd3 Rfd8 20. Qe3 a6 21. Rac1 b5 22. e5 Ne8 23. Nd2 f5 24. exf6 Nxf6 25. Nf3 Qf7 26. Re1 Rf8 1/2-1/2